NFL Week 8 Fantasy Leaders 2024-2025 - Statistics

General Stats
  • This quiz has been taken 105 times
  • The average score is 8 of 20
Answer Stats
Position Points Player % Correct
QB 24.2 Lamar Jackson
80%
TE 24.8 George Kittle
66%
WR 39.6 CeeDee Lamb
61%
QB 35.1 Jalen Hurts
61%
TE 25 Travis Kelce
61%
QB 24.3 Baker Mayfield
54%
QB 26 Brock Purdy
51%
QB 28.6 Kirk Cousins
44%
RB 23.6 Bijan Robinson
42%
TE 25.1 Kyle Pitts
42%
QB 25.8 Matthew Stafford
32%
QB 29.8 Bo Nix
31%
RB 25.5 Josh Jacobs
30%
RB 28.3 James Cook
24%
QB 24.1 Justin Herbert
24%
TE 29.1 Cade Otton
21%
RB 26.7 De'Von Achane
21%
QB 24.3 Trevor Lawrence
20%
WR 28.9 Cedric Tillman
17%
WR 29.1 Ladd McConkey
15%
No matching quizzes found
Score Distribution
Percent of People with Each Score
Percentile by Number Answered
Your Score History
You have not taken this quiz